| 000 | 00454cam a2200181ua 4500 | ||
|---|---|---|---|
| 020 | _c100.00 | ||
| 041 |
_aeng _h |
||
| 082 |
_a631.587 _bSAT/IR |
||
| 100 | _aSatpathy, T . | ||
| 245 |
_aIrrigation and economic development / _cT Satpathy. _hTextual Documents |
||
| 250 |
_a1 / _b. |
||
| 260 |
_aNew Delhi : _bAshish Publishing House , _c1984. |
||
| 300 | _a224 ; . | ||
| 365 | _a100.00 | ||
| 504 | _a | ||
| 942 | _cBK | ||
| 999 |
_c7325 _d7325 |
||